Respuestas del Ing. Samuel Yankelewitz Berger al tema de la integración económica /

MANUEL

Guardado en:
Bibliografiske detaljer
Hovedforfatter: Yankelewitz Berger, Samuel (Autor)
Institution som forfatter: Universidad Nacional (Costa Rica)
Format: Ukendt
Sprog:Spanish
Fag:
Tags: Tilføj Tag
Ingen Tags, Vær først til at tagge denne postø!

MARC

LEADER 00000 a2200000 04500
001 4504
003 CIDCACS
005 20221107125717.0
008 221107b |||||||| |||| 00| 0 spa d
040 |c CIDCACS 
100 1 |9 10807  |a Yankelewitz Berger, Samuel  |e Autor 
245 1 |a Respuestas del Ing. Samuel Yankelewitz Berger al tema de la integración económica /  |c Samuel Yankelewitz Berger 
300 |a páginas 605-616 
520 |a MANUEL  
650 4 |9 2642  |a INTEGRACION ECONOMICA 
651 0 |9 32  |a COSTA RICA 
710 |a Universidad Nacional (Costa Rica)  
942 |2 ddc  |c LI 
999 |c 3214  |d 3214 
773 0 |0 17141  |9 4797  |a Costa Rica.  |d Heredia: UNA, 1993  |o 22321  |t Ideario Costarricense /  |w (cru CIDCACS/IIS)4416